[Event "Manfred-Bosbach-Turnier (43.OStM GL)"]
[Site "Bergisch Gladbach"]
[Date "2023.09.15"]
[Round "3.4"]
[White "Müller, Aaron"]
[Black "Weclawski, Roman"]
[Result "0-1"]
[WhiteElo "1214"]
[BlackElo "1910"]
[PlyCount "112"]
[EventDate "2023.??.??"]
[EventType "swiss"]
[EventRounds "7"]
[SourceVersionDate "2023.09.02"]

1. e4 Nf6 2. e5 Nd5 3. Nc3 c6 4. Nxd5 cxd5 5. d4 d6 6. f4 Nc6 7. Nf3 Bg4 8. c3
e6 9. Bd3 Be7 10. O-O O-O 11. h3 Bh5 12. Qe1 Bg6 13. Bxg6 hxg6 14. g4 Re8 15.
Qg3 Rc8 16. h4 Bf8 17. h5 gxh5 18. gxh5 Ne7 19. Nh4 Nf5 20. Nxf5 exf5 21. Rf2
Re6 22. Rg2 Rh6 23. Qh3 Qd7 24. Be3 Kh7 25. Rg5 g6 26. hxg6+ fxg6 27. Qg2 Qf7
28. Re1 Be7 29. exd6 Bxd6 30. Rg3 Re8 31. Rf3 Re4 32. Ref1 Qe7 33. Rh3 Rxh3 34.
Qxh3+ Kg7 35. Rf3 Qc7 36. Qh4 Qe7 37. Qf2 Qe8 38. Rh3 Be7 39. Qh2 Qg8 40. Kf2
Bf6 41. Qg3 Kf7 42. Rh1 Re7 43. b3 b5 44. Qf3 Re4 45. Qe2 Qe8 46. Rh3 Qc6 47.
Qd3 a6 48. Rh1 Bg7 49. Rc1 Qf6 50. Rh1 Qc6 51. Qd2 Re7 52. Qb2 Qe6 53. Rh3 g5
54. fxg5 f4 55. Rf3 Kg8 56. Bxf4 Qe1+ 0-1

[Event "Manfred-Bosbach-Turnier (43.OStM GL)"]
[Site "Bergisch Gladbach"]
[Date "2023.09.15"]
[Round "3.5"]
[White "Nichte, Philipp"]
[Black "Bernecker, Jan Magnus"]
[Result "1/2-1/2"]
[WhiteElo "1772"]
[BlackElo "1492"]
[PlyCount "144"]
[EventDate "2023.??.??"]
[EventType "swiss"]
[EventRounds "7"]
[SourceVersionDate "2023.09.02"]

1. e4 e5 2. Nf3 Nc6 3. Bc4 Bc5 4. c3 Nf6 5. d3 O-O 6. O-O d6 7. a4 a6 8. a5 Re8
9. Bb3 Be6 10. Ba4 Bd7 11. Bg5 h6 12. Bh4 Nb8 13. d4 Ba7 14. dxe5 dxe5 15. Bxf6
Qxf6 16. Bxd7 Rd8 17. Qb3 Nxd7 18. Qxb7 Nc5 19. Qxc7 Nd3 20. Na3 Nxf2 21. Rxf2
Bxf2+ 22. Kxf2 Rd2+ 23. Kg1 Rxb2 24. Rf1 Qg6 25. Rf2 Rab8 26. Nxe5 Qxe4 27.
Qxf7+ Kh7 28. Qf5+ Qxf5 29. Rxf5 Re8 30. Nac4 Rc2 31. Rf3 Re2 32. Nc6 R8e4 33.
Nd4 Ra2 34. h3 Re7 35. Rg3 Rc7 36. Nd6 Rxa5 37. Ne4 Re5 38. Nd2 a5 39. c4 Rd7
40. Rd3 a4 41. N2f3 Ra5 42. Ra3 Rc7 43. Nd2 g5 44. Kf2 Kg6 45. Ke3 Rf7 46. N2f3
Rb7 47. g4 h5 48. Kd3 Rb1 49. Ke4 hxg4 50. hxg4 Rb4 51. Ne5+ Rxe5+ 52. Kxe5
Rxc4 53. Kd5 Rb4 54. Kc5 Rb2 55. Rxa4 Rf2 56. Nc6 Rf4 57. Rd4 Kf6 58. Kc4 Rf1
59. Rd6+ Kg7 60. Kd5 Rd1+ 61. Ke5 Rf1 62. Ke6 Rf4 63. Ne5 Kh6 64. Rd7 Rf6+ 65.
Kd5 Rf4 66. Rd6+ Kh7 67. Rg6 Rxg4 68. Ke6 Rg1 69. Kf6 Rf1+ 70. Kxg5 Rg1+ 71.
Ng4 Rxg4+ 72. Kxg4 Kxg6 1/2-1/2

[Event "Manfred-Bosbach-Turnier (43.OStM GL)"]
[Site "Bergisch Gladbach"]
[Date "2023.09.15"]
[Round "3.6"]
[White "Lobbes, Frank"]
[Black "Schwark, Mario"]
[Result "1/2-1/2"]
[WhiteElo "1771"]
[BlackElo "1846"]
[PlyCount "83"]
[EventDate "2023.??.??"]
[EventType "swiss"]
[EventRounds "7"]
[SourceVersionDate "2023.09.02"]

1. c4 e5 2. Nc3 Nf6 3. g3 g6 4. Bg2 Bg7 5. d3 O-O 6. e4 Nc6 7. Nge2 d6 8. O-O
Be6 9. Bg5 h6 10. Be3 Qd7 11. Nd5 Ng4 12. Bd2 f5 13. f3 Nf6 14. Nxf6+ Rxf6 15.
Qc1 Kh7 16. b4 Raf8 17. b5 Nd4 18. Nxd4 exd4 19. Qa3 Ra8 20. f4 c5 21. bxc6
bxc6 22. Rab1 fxe4 23. Bxe4 d5 24. cxd5 Bxd5 25. Bxd5 Qxd5 26. Rb7 Rf7 27. Rxf7
Qxf7 28. Re1 Re8 29. Rxe8 Qxe8 30. Qxa7 Qe2 31. Bb4 Qd1+ 32. Kg2 Qc2+ 33. Kh3
Qxd3 34. Kg2 Qc2+ 35. Kf3 Qd3+ 36. Kg2 Qe2+ 37. Kg1 Qe3+ 38. Kg2 Qe4+ 39. Kf2
Qc2+ 40. Kf3 Qd1+ 41. Kf2 Qc2+ 42. Kf3 1/2-1/2

[Event "Manfred-Bosbach-Turnier (43.OStM GL)"]
[Site "Bergisch Gladbach"]
[Date "2023.09.15"]
[Round "3.8"]
[White "Gutt, Oswald"]
[Black "Stetten, Joachim"]
[Result "0-1"]
[WhiteElo "1813"]
[BlackElo "1432"]
[PlyCount "62"]
[EventDate "2023.??.??"]
[EventType "swiss"]
[EventRounds "7"]
[SourceVersionDate "2023.09.02"]

1. d4 d5 2. Nf3 e6 3. c4 Nf6 4. Nc3 dxc4 5. e3 Bb4 6. Bxc4 Bxc3+ 7. bxc3 O-O 8.
Qc2 Re8 9. O-O Nc6 10. Rd1 Ne7 11. e4 c6 12. a4 Qc7 13. g3 Ng6 14. e5 Nd5 15.
Ba3 Qd8 16. Bd3 f5 17. c4 Nde7 18. Bd6 b6 19. a5 Ba6 20. Qa4 Qd7 21. Bf1 Nc8
22. axb6 axb6 23. Bb4 Qb7 24. Bg2 Nce7 25. Bxe7 Nxe7 26. Ng5 b5 27. cxb5 Bxb5
28. Qb3 Nd5 29. Rxa8 Qxa8 30. Nxe6 Ba4 31. Bxd5 cxd5 0-1

[Event "Manfred-Bosbach-Turnier (43.OStM GL)"]
[Site "Bergisch Gladbach"]
[Date "2023.09.15"]
[Round "3.10"]
[White "Hertling, Jürgen"]
[Black "Steinhausen, Karl-Heinz"]
[Result "1-0"]
[WhiteElo "1684"]
[BlackElo "1056"]
[PlyCount "49"]
[EventDate "2023.??.??"]
[EventType "swiss"]
[EventRounds "7"]
[SourceVersionDate "2023.09.02"]

1. d4 d5 2. c4 e5 3. dxe5 d4 4. Nf3 Nc6 5. g3 Nge7 6. Bg2 Ng6 7. O-O h6 8. Nbd2
Ngxe5 9. Nxe5 Nxe5 10. Nf3 Nc6 11. a3 b6 12. Nxd4 Nxd4 13. Bxa8 Qd6 14. Bf4 Qd7
15. Qd3 Be7 16. Bxc7 O-O 17. Be5 Nf5 18. Qc3 f6 19. Bd5+ Kh8 20. Bf4 Bc5 21.
Rad1 Qe7 22. Rfe1 Bb7 23. e4 Nd4 24. Rxd4 Bc8 25. Rd2 1-0

[Event "Manfred-Bosbach-Turnier (43.OStM GL)"]
[Site "Bergisch Gladbach"]
[Date "2023.09.15"]
[Round "3.11"]
[White "Schneider, Erich"]
[Black "Eilers, Jochen"]
[Result "0-1"]
[WhiteElo "1146"]
[BlackElo "1902"]
[PlyCount "60"]
[EventDate "2023.??.??"]
[EventType "swiss"]
[EventRounds "7"]
[SourceVersionDate "2023.09.02"]

1. d4 Nf6 2. c4 c5 3. d5 b5 4. cxb5 a6 5. e3 axb5 6. Bxb5 Ba6 7. Bxa6 Nxa6 8.
Nc3 d6 9. Nf3 g6 10. O-O Bg7 11. Re1 O-O 12. a3 Qb6 13. Qc2 Rfb8 14. Rb1 Nd7
15. e4 Qb3 16. Qxb3 Rxb3 17. Nd1 Rab8 18. Nd2 R3b7 19. Re2 Ne5 20. b3 Nc7 21.
Ne3 Nb5 22. Nd1 Nd4 23. Re3 Bh6 24. Rh3 Kg7 25. Ne3 Nd3 26. Nf5+ gxf5 27. Rxd3
fxe4 28. Rh3 Ne2+ 29. Kf1 Nxc1 30. Rxc1 Bxd2 0-1

[Event "Manfred-Bosbach-Turnier (43.OStM GL)"]
[Site "Bergisch Gladbach"]
[Date "2023.09.15"]
[Round "3.12"]
[White "Themm, Rainer"]
[Black "Rohleder, Traugott"]
[Result "1-0"]
[WhiteElo "1826"]
[BlackElo "1683"]
[PlyCount "81"]
[EventDate "2023.??.??"]
[EventType "swiss"]
[EventRounds "7"]
[SourceVersionDate "2023.09.02"]

1. d4 Nf6 2. c4 g6 3. Nc3 Bg7 4. Nf3 d6 5. e3 O-O 6. Be2 c5 7. O-O Bf5 8. Nh4
Bd7 9. Nf3 Bf5 10. Nh4 Bd7 11. Bf3 Bc6 12. d5 Bd7 13. e4 Na6 14. Be2 Nc7 15. f4
e6 16. Nf3 exd5 17. cxd5 b5 18. e5 dxe5 19. fxe5 Ng4 20. Bf4 b4 21. Ne4 Bf5 22.
Nd6 Bd7 23. Qd2 Qe7 24. Nc4 Nb5 25. h3 Nxe5 26. Bxe5 Bxe5 27. Ncxe5 Nd4 28.
Nxd4 Qxe5 29. Nf3 Qe4 30. Ng5 Qe5 31. Rae1 Qg3 32. Ne4 Qc7 33. Nf6+ Kg7 34.
Nxd7 Qxd7 35. Bc4 Qd6 36. Qf4 Rad8 37. Qxd6 Rxd6 38. Re7 a5 39. Ra7 a4 40. Rxa4
Rf6 41. Ra7 1-0

[Event "Manfred-Bosbach-Turnier (43.OStM GL)"]
[Site "Bergisch Gladbach"]
[Date "2023.09.15"]
[Round "3.13"]
[White "Schüers, Christian"]
[Black "Birk, Wilfried"]
[Result "0-1"]
[WhiteElo "1507"]
[BlackElo "1435"]
[PlyCount "52"]
[EventDate "2023.??.??"]
[EventType "swiss"]
[EventRounds "7"]
[SourceVersionDate "2023.09.02"]

1. d4 d5 2. Nf3 Nf6 3. Bf4 Bf5 4. h3 e6 5. c3 Bd6 6. Bxd6 Qxd6 7. Nbd2 c6 8. e3
Nbd7 9. Be2 O-O 10. O-O e5 11. dxe5 Nxe5 12. Qa4 Bd3 13. Rfe1 Nxf3+ 14. Bxf3
Qc7 15. c4 Ne4 16. Bxe4 dxe4 17. c5 Rfd8 18. Nxe4 b5 19. cxb6 axb6 20. Qb4 c5
21. Nxc5 Qxc5 22. Qxc5 bxc5 23. Rec1 Rdc8 24. Rc3 c4 25. a3 Rd8 26. Rac1 f5 0-1

[Event "Manfred-Bosbach-Turnier (43.OStM GL)"]
[Site "Bergisch Gladbach"]
[Date "2023.09.22"]
[Round "4.1"]
[White "Gelsok, Philipp"]
[Black "Harringer, Manfred"]
[Result "1-0"]
[WhiteElo "2017"]
[BlackElo "1995"]
[PlyCount "59"]
[EventDate "2023.??.??"]
[EventType "swiss"]
[EventRounds "7"]
[SourceVersionDate "2023.09.02"]

1. e4 e5 2. Nf3 Nc6 3. Bb5 a6 4. Ba4 Nf6 5. O-O Bc5 6. Bxc6 dxc6 7. Nxe5 Nxe4
8. Qe2 Qd5 9. Nd3 O-O 10. Nxc5 Nxc5 11. Nc3 Qd4 12. Qe3 Qd6 13. b3 Ne6 14. Bb2
Bd7 15. Ne4 Qd5 16. c4 Qf5 17. f4 Rfe8 18. Ng3 Qc5 19. d4 Qf8 20. f5 Nd8 21.
Qf4 Qd6 22. Qg4 Qh6 23. Nh5 Qg6 24. Qh3 Qh6 25. Rae1 Rxe1 26. Rxe1 Qd6 27. c5
Qf8 28. Qg3 Bxf5 29. Re8 Qxe8 30. Qxg7# 1-0

[Event "Manfred-Bosbach-Turnier (43.OStM GL)"]
[Site "Bergisch Gladbach"]
[Date "2023.09.22"]
[Round "4.2"]
[White "Weclawski, Roman"]
[Black "Mohaupt, Sascha"]
[Result "1-0"]
[WhiteElo "1910"]
[BlackElo "2233"]
[PlyCount "69"]
[EventDate "2023.??.??"]
[EventType "swiss"]
[EventRounds "7"]
[SourceVersionDate "2023.09.02"]

1. e4 c5 2. d4 cxd4 3. c3 Nf6 4. e5 Nd5 5. cxd4 e6 6. Nc3 Nxc3 7. bxc3 Qc7 8.
Bd2 b6 9. Bd3 Be7 10. Ne2 Ba6 11. Be4 Bb7 12. Ng3 O-O 13. O-O Bxe4 14. Nxe4 Nc6
15. Re1 d6 16. exd6 Bxd6 17. Qh5 Rad8 18. Nxd6 Qxd6 19. Rad1 Qd5 20. Qg4 Kh8
21. Re3 f5 22. Qh4 f4 23. Rh3 Qf5 24. Bxf4 Rd5 25. Be3 Rdd8 26. Re1 b5 27. a3
a6 28. Qg3 Rd7 29. Qh4 Rdd8 30. Bc1 Qc2 31. Rhe3 Rf6 32. R3e2 Qxc3 33. Bg5 Nxd4
34. Re3 Ne2+ 35. R3xe2 1-0

[Event "Manfred-Bosbach-Turnier (43.OStM GL)"]
[Site "Bergisch Gladbach"]
[Date "2023.09.22"]
[Round "4.3"]
[White "Wieferig, Wolfgang"]
[Black "Lobbes, Frank"]
[Result "1-0"]
[WhiteElo "2134"]
[BlackElo "1771"]
[PlyCount "69"]
[EventDate "2023.??.??"]
[EventType "swiss"]
[EventRounds "7"]
[SourceVersionDate "2023.09.02"]

1. d4 Nf6 2. Nf3 e6 3. g3 d5 4. Bg2 Bd6 5. O-O h6 6. c4 dxc4 7. Nbd2 c6 8. Nxc4
Bc7 9. b3 O-O 10. Ba3 Re8 11. Qc2 Nbd7 12. Rfd1 Nb6 13. e4 Nxc4 14. bxc4 Rb8
15. Rac1 Ba5 16. e5 Nh7 17. d5 exd5 18. cxd5 cxd5 19. Bd6 Ra8 20. Rxd5 Be6 21.
Rdd1 Qb6 22. Nd4 Rac8 23. Qa4 Nf8 24. Rb1 Bd7 25. Qa3 Rc3 26. Rxb6 Rxa3 27.
Rxb7 Ba4 28. Rdb1 Bb6 29. R1xb6 axb6 30. Bxa3 Rxe5 31. Rb8 Re1+ 32. Bf1 Bd7 33.
Rxf8+ Kh7 34. Kg2 Rd1 35. Bb2 1-0

[Event "Manfred-Bosbach-Turnier (43.OStM GL)"]
[Site "Bergisch Gladbach"]
[Date "2023.09.22"]
[Round "4.4"]
[White "Nichte, Philipp"]
[Black "Heckötter, Christian"]
[Result "1/2-1/2"]
[WhiteElo "1772"]
[BlackElo "1967"]
[PlyCount "92"]
[EventDate "2023.??.??"]
[EventType "swiss"]
[EventRounds "7"]
[SourceVersionDate "2023.09.02"]

1. e4 e6 2. d4 d5 3. Nc3 Bb4 4. e5 c5 5. a3 Bxc3+ 6. bxc3 Qa5 7. Bd2 Qa4 8. Nf3
c4 9. h4 Ne7 10. h5 h6 11. g4 Nbc6 12. Nh4 Bd7 13. Qb1 O-O-O 14. Qb2 Rdf8 15.
O-O-O Kc7 16. Be3 Rb8 17. Be2 b5 18. Kd2 Rb6 19. Ra1 Ra6 20. f4 Qa5 21. Rhf1
Nc8 22. a4 bxa4 23. Qa3 f6 24. Kc1 Kb7 25. f5 fxe5 26. fxe6 Bxe6 27. Ng6 exd4
28. cxd4 Re8 29. Ne5 Ka8 30. Nxc6 Rxc6 31. Qxa4 Qxa4 32. Rxa4 Bg8 33. Rf3 Rce6
34. Ra3 Nd6 35. Bd1 Nb5 36. Ra5 a6 37. Bf2 Kb7 38. Rf5 Kb6 39. Ra1 Rd6 40. Bg3
Rd7 41. Be5 Bh7 42. Rf3 Be4 43. Rg3 Rf8 44. Kb2 c3+ 45. Kb3 Rf2 46. g5 hxg5
1/2-1/2

[Event "Manfred-Bosbach-Turnier (43.OStM GL)"]
[Site "Bergisch Gladbach"]
[Date "2023.09.22"]
[Round "4.6"]
[White "Beckschwarte, Günter"]
[Black "Stetten, Joachim"]
[Result "1-0"]
[WhiteElo "1798"]
[BlackElo "1432"]
[PlyCount "83"]
[EventDate "2023.??.??"]
[EventType "swiss"]
[EventRounds "7"]
[SourceVersionDate "2023.09.02"]

1. d4 d5 2. Nf3 Nf6 3. c4 e6 4. Nc3 c6 5. e3 Nbd7 6. Be2 dxc4 7. Bxc4 b5 8. Bd3
Be7 9. a3 Bb7 10. O-O a6 11. Bd2 Rc8 12. b4 Bd6 13. e4 e5 14. Re1 O-O 15. Bg5
Re8 16. Rc1 exd4 17. Nxd4 Qc7 18. g3 h6 19. Bxf6 Nxf6 20. Nf5 Be5 21. f4 Bxc3
22. Rxc3 Rcd8 23. Qf3 Kh8 24. Rc5 Bc8 25. e5 Bxf5 26. Bxf5 Nd5 27. Rec1 g6 28.
Be4 Qa7 29. Kg2 Re7 30. Bxd5 cxd5 31. Rxd5 Rxd5 32. Qxd5 Rd7 33. Rc8+ Kg7 34.
Qc5 Re7 35. Kf3 Qb7+ 36. Qc6 Qxc6+ 37. Rxc6 Ra7 38. Ke4 Kf8 39. f5 gxf5+ 40.
Kxf5 Kg7 41. Rb6 Ra8 42. g4 1-0

[Event "Manfred-Bosbach-Turnier (43.OStM GL)"]
[Site "Bergisch Gladbach"]
[Date "2023.09.22"]
[Round "4.7"]
[White "Bernecker, Jan Magnus"]
[Black "Müller, Aaron"]
[Result "1/2-1/2"]
[WhiteElo "1492"]
[BlackElo "1214"]
[PlyCount "103"]
[EventDate "2023.??.??"]
[EventType "swiss"]
[EventRounds "7"]
[SourceVersionDate "2023.09.02"]

1. e4 d6 2. d4 Nf6 3. Nc3 g6 4. Be3 c6 5. Be2 Bg7 6. Qd2 b5 7. a3 Nbd7 8. Bh6
Bxh6 9. Qxh6 Qa5 10. b4 Qb6 11. Nf3 a6 12. O-O Bb7 13. e5 dxe5 14. dxe5 Nd5 15.
Ne4 O-O-O 16. c4 Nc7 17. c5 Qa7 18. Rfd1 Ne6 19. Neg5 Nxg5 20. Nxg5 Nxe5 21. f4
f6 22. fxe5 fxg5 23. Bg4+ Kb8 24. Qxg5 Bc8 25. Bxc8 Kxc8 26. Rf1 Rd5 27. Rf7
Kd8 28. Raf1 Qd7 29. Qg3 Rd3 30. R7f3 Qd4+ 31. Qf2 Qxf2+ 32. Kxf2 Rd2+ 33. Kg3
Kd7 34. Rf7 Ke6 35. Rg7 Re2 36. Rff7 Re8 37. Rxh7 Re3+ 38. Rf3 Rxf3+ 39. Kxf3
Kxe5 40. Ke3 Kf6 41. Rh4 Ra8 42. Rf4+ Kg7 43. Re4 Kf6 44. Rf4+ Ke6 45. Re4+ Kd7
46. Rd4+ Kc7 47. Re4 Kd7 48. Rd4+ Ke8 49. Rg4 Kf7 50. Rf4+ Kg7 51. Re4 Kf6 52.
Rf4+ 1/2-1/2

[Event "Manfred-Bosbach-Turnier (43.OStM GL)"]
[Site "Bergisch Gladbach"]
[Date "2023.09.22"]
[Round "4.8"]
[White "Eilers, Jochen"]
[Black "Themm, Rainer"]
[Result "1/2-1/2"]
[WhiteElo "1902"]
[BlackElo "1826"]
[PlyCount "50"]
[EventDate "2023.??.??"]
[EventType "swiss"]
[EventRounds "7"]
[SourceVersionDate "2023.09.02"]

1. c4 Nf6 2. Nc3 e6 3. e4 d6 4. d4 Nbd7 5. Nf3 Be7 6. Be2 O-O 7. O-O e5 8. h3
exd4 9. Nxd4 Nc5 10. Qc2 Bd7 11. Be3 Qc8 12. b4 Na6 13. b5 Nc5 14. Bf3 Re8 15.
Nb3 h6 16. Rfe1 a6 17. Red1 axb5 18. Nxc5 dxc5 19. cxb5 Rb8 20. a4 b6 21. Bf4
Be6 22. Rd2 Nh7 23. Nd5 Bg5 24. Bxg5 Nxg5 25. Rd3 Bxd5 1/2-1/2

[Event "Manfred-Bosbach-Turnier (43.OStM GL)"]
[Site "Bergisch Gladbach"]
[Date "2023.09.22"]
[Round "4.9"]
[White "Birk, Wilfried"]
[Black "Schwark, Mario"]
[Result "1/2-1/2"]
[WhiteElo "1435"]
[BlackElo "1846"]
[PlyCount "77"]
[EventDate "2023.??.??"]
[EventType "swiss"]
[EventRounds "7"]
[SourceVersionDate "2023.09.02"]

1. d4 Nf6 2. Nf3 g6 3. e3 d6 4. Bd3 Bg7 5. Nbd2 O-O 6. O-O Nbd7 7. c3 c5 8. Re1
e5 9. dxe5 dxe5 10. Ne4 Nxe4 11. Bxe4 Nf6 12. Qc2 Nxe4 13. Qxe4 Qe7 14. Qc2 e4
15. Nd2 f5 16. b3 Be6 17. Ba3 b6 18. Rad1 Rad8 19. Nf1 Qf6 20. c4 Qc3 21. Rc1
Rd3 22. Qxc3 Bxc3 23. Red1 Rfd8 24. Rxd3 Rxd3 25. h3 Be5 26. Rc2 f4 27. Bb2
Bxb2 28. Rxb2 fxe3 29. Nxe3 Kg7 30. Kf1 Kf6 31. Ke1 Ke5 32. Rd2 Kd4 33. Nd1 h5
34. Ke2 g5 35. Rxd3+ exd3+ 36. Kd2 b5 37. cxb5 c4 38. bxc4 Bxc4 39. a4 1/2-1/2

[Event "Manfred-Bosbach-Turnier (43.OStM GL)"]
[Site "Bergisch Gladbach"]
[Date "2023.09.22"]
[Round "4.10"]
[White "Steinhausen, Karl-Heinz"]
[Black "Gutt, Oswald"]
[Result "0-1"]
[WhiteElo "1056"]
[BlackElo "1813"]
[PlyCount "92"]
[EventDate "2023.??.??"]
[EventType "swiss"]
[EventRounds "7"]
[SourceVersionDate "2023.09.02"]

1. e4 e6 2. d3 d5 3. Nd2 c5 4. Ngf3 Nc6 5. g3 Nf6 6. Bg2 g6 7. O-O Bg7 8. Re1
O-O 9. b3 Nxe4 10. dxe4 Bxa1 11. e5 Bc3 12. Re2 Qc7 13. Nb1 Ba5 14. Bd2 Bxd2
15. Qxd2 Nd4 16. Nxd4 cxd4 17. Qxd4 Qe7 18. a4 b6 19. Nd2 Ba6 20. Re3 Rac8 21.
c3 Qc5 22. Qxc5 bxc5 23. Bf1 Bxf1 24. Kxf1 Kg7 25. Re1 Rb8 26. Rb1 a5 27. Rc1
f6 28. exf6+ Kxf6 29. f3 Ke7 30. Kg2 c4 31. bxc4 Rb2 32. Rd1 dxc4 33. Kh3 Rd8
34. Nxc4 Rxd1 35. Nxb2 Rc1 36. Nc4 Rxc3 37. Nxa5 Rxf3 38. Kg2 Ra3 39. Nc6+ Kd6
40. Nd8 Rxa4 41. Nf7+ Kd5 42. Ng5 h5 43. Kf3 e5 44. Nh3 Ra3+ 45. Kf2 Ra2+ 46.
Kg1 Ke4 0-1

[Event "Manfred-Bosbach-Turnier (43.OStM GL)"]
[Site "Bergisch Gladbach"]
[Date "2023.09.22"]
[Round "4.11"]
[White "Stieg, Karsten"]
[Black "Aljalam, Yamen"]
[Result "0-1"]
[WhiteElo "1454"]
[BlackElo "1414"]
[PlyCount "76"]
[EventDate "2023.??.??"]
[EventType "swiss"]
[EventRounds "7"]
[SourceVersionDate "2023.09.02"]

1. d4 e6 2. Nf3 d5 3. c4 Nf6 4. Nc3 b6 5. Bg5 Be7 6. e3 dxc4 7. Bxc4 Bb7 8. O-O
O-O 9. a3 a5 10. Re1 c6 11. a4 Na6 12. b3 Nc7 13. Ne5 Nce8 14. Be2 Bb4 15. Qc2
Qc7 16. Rec1 Bxc3 17. Qxc3 Nd5 18. Qd2 f6 19. e4 Nb4 20. Bf4 fxe5 21. Bxe5 Qf7
22. Rf1 Rd8 23. f4 Nf6 24. Bxf6 Qxf6 25. f5 e5 26. Bc4+ Kh8 27. dxe5 Qxe5 28.
Qg5 Rd6 29. Rad1 Ba6 30. Bxa6 Nxa6 31. Rxd6 Qxd6 32. f6 Qd4+ 33. Kh1 Rxf6 34.
Rxf6 Qxf6 35. Qc1 Nc5 36. Qe1 Nxe4 37. h3 Qg6 38. Qd1 Nf2+ 0-1

[Event "Manfred-Bosbach-Turnier (43.OStM GL)"]
[Site "Bergisch Gladbach"]
[Date "2023.09.22"]
[Round "4.12"]
[White "Ehmann, Florian"]
[Black "Schneider, Erich"]
[Result "1/2-1/2"]
[WhiteElo "1260"]
[BlackElo "1146"]
[PlyCount "102"]
[EventDate "2023.??.??"]
[EventType "swiss"]
[EventRounds "7"]
[SourceVersionDate "2023.09.02"]

1. e4 c5 2. Nf3 g6 3. d4 cxd4 4. Nxd4 Bg7 5. Nc3 Nc6 6. Be3 e6 7. Qd2 Nge7 8.
O-O-O O-O 9. Bh6 Bxd4 10. Bxf8 Qxf8 11. Nb5 Bg7 12. f4 Qd8 13. g4 Qb6 14. e5 a6
15. Nd6 Qc7 16. Ne8 Qd8 17. Nf6+ Bxf6 18. exf6 Nd5 19. g5 Qa5 20. Qf2 h6 21.
Qh4 h5 22. Be2 Qa4 23. Rhf1 Ne3 24. Kd2 Nxf1+ 25. Rxf1 Qd4+ 26. Ke1 Qe3 27. Rf3
Qc1+ 28. Bd1 b5 29. Rd3 Nb4 30. Qg3 Nxd3+ 31. Qxd3 Qxf4 32. Bf3 Rb8 33. Be4
Qh4+ 34. Kf1 Qxg5 35. Qd6 Qxf6+ 36. Ke2 Qd8 37. Qxb8 d5 38. Bd3 f5 39. Kf3 Kf7
40. b3 Kf6 41. a4 Qd7 42. axb5 axb5 43. Bxb5 Qb7 44. Qd6 Qe7 45. Qb8 Bd7 46.
Qh8+ Qg7 47. Qd8+ Qe7 48. Qh8+ Qg7 49. Qd8+ Qe7 50. Qh8+ Qg7 51. Qd8+ Qe7
1/2-1/2

[Event "Manfred-Bosbach-Turnier (43.OStM GL)"]
[Site "Bergisch Gladbach"]
[Date "2023.09.22"]
[Round "4.14"]
[White "Ramien, Eva"]
[Black "Schüers, Christian"]
[Result "0-1"]
[WhiteElo "1151"]
[BlackElo "1507"]
[PlyCount "46"]
[EventDate "2023.??.??"]
[EventType "swiss"]
[EventRounds "7"]
[SourceVersionDate "2023.09.02"]

1. e4 c5 2. Nf3 Nc6 3. d4 cxd4 4. Nxd4 Nf6 5. Nxc6 bxc6 6. Nc3 e6 7. a3 Be7 8.
g3 O-O 9. Bg2 Ba6 10. Ne2 d5 11. exd5 cxd5 12. O-O Rc8 13. Re1 Bc5 14. b4 Bb6
15. Bb2 Ne4 16. Bd4 Rc4 17. Bxb6 Qxb6 18. Bxe4 Rxe4 19. Nc3 Rc4 20. Na4 Qc6 21.
Nc5 Bb7 22. Nb3 d4 23. Na5 Qg2# 0-1

[Event "Manfred-Bosbach-Turnier (43.OStM GL)"]
[Site "Bergisch Gladbach"]
[Date "2023.09.29"]
[Round "5.1"]
[White "Gelsok, Philipp"]
[Black "Weclawski, Roman"]
[Result "1-0"]
[WhiteElo "2017"]
[BlackElo "1910"]
[PlyCount "47"]
[EventDate "2023.??.??"]
[EventType "swiss"]
[EventRounds "7"]
[SourceVersionDate "2023.09.02"]

1. e4 Nf6 2. Nc3 d5 3. e5 Nfd7 4. e6 fxe6 5. d4 g6 6. h4 Bg7 7. h5 Nf8 8. hxg6
hxg6 9. Rxh8 Bxh8 10. Bh6 Bf6 11. Nf3 c5 12. Bxf8 Kxf8 13. Ne5 cxd4 14. Qxd4
Nc6 15. Nxg6+ Ke8 16. Qg4 Qa5 17. O-O-O Bxc3 18. bxc3 Qxc3 19. Nf4 Qf6 20. Bd3
Kd8 21. Re1 Ne5 22. Qg8+ Kc7 23. Qg3 Kb6 24. Qe3+ 1-0

[Event "Manfred-Bosbach-Turnier (43.OStM GL)"]
[Site "Bergisch Gladbach"]
[Date "2023.09.29"]
[Round "5.2"]
[White "Wieferig, Wolfgang"]
[Black "Beckschwarte, Günter"]
[Result "1-0"]
[WhiteElo "2134"]
[BlackElo "1798"]
[PlyCount "63"]
[EventDate "2023.??.??"]
[EventType "swiss"]
[EventRounds "7"]
[SourceVersionDate "2023.09.02"]

1. d4 d5 2. Nf3 Nf6 3. g3 e6 4. Bg2 c5 5. e3 Nc6 6. O-O Qc7 7. b3 b6 8. c4 Be7
9. Nc3 Ba6 10. Re1 Rd8 11. cxd5 exd5 12. Bb2 O-O 13. Rc1 Ne4 14. dxc5 Nxc3 15.
cxb6 Qxb6 16. Bxc3 Ba3 17. Rc2 Nb4 18. Rd2 Rc8 19. Qa1 f6 20. Red1 Bb7 21. Nd4
Rf7 22. Bb2 Bxb2 23. Qxb2 Rfc7 24. a3 Na6 25. b4 Rc4 26. Nf5 Kf8 27. Bxd5 Bxd5
28. Rxd5 Rc2 29. Qd4 Qxd4 30. Nxd4 Ra2 31. Ra5 Nb8 32. Rxa7 1-0

[Event "Manfred-Bosbach-Turnier (43.OStM GL)"]
[Site "Bergisch Gladbach"]
[Date "2023.09.29"]
[Round "5.3"]
[White "Harringer, Manfred"]
[Black "Rosenauer, Horst"]
[Result "0-1"]
[WhiteElo "1995"]
[BlackElo "1882"]
[PlyCount "72"]
[EventDate "2023.??.??"]
[EventType "swiss"]
[EventRounds "7"]
[SourceVersionDate "2023.09.02"]

1. e4 d6 2. d4 g6 3. Nc3 Bg7 4. Be3 c6 5. a4 Nf6 6. h3 Qa5 7. Bd3 Nbd7 8. Nge2
e5 9. O-O O-O 10. Rb1 exd4 11. Nxd4 Qb4 12. Nce2 Re8 13. c3 Qa5 14. Ng3 h5 15.
b4 Qe5 16. Qd2 Nf8 17. Rbe1 Qe7 18. Bh6 Bh8 19. f4 h4 20. e5 hxg3 21. exf6 Qd8
22. Bxf8 Rxe1 23. Rxe1 Qxf8 24. f5 Bxf6 25. fxg6 Bd7 26. Qf4 Be5 27. Qh4 fxg6
28. Rf1 Qg7 29. Ne2 Rf8 30. Rxf8+ Kxf8 31. Be4 d5 32. Bf3 g5 33. Qh5 Ke7 34.
Kf1 Kd6 35. Nc1 Bxc3 36. Nd3 Bf5 0-1

[Event "Manfred-Bosbach-Turnier (43.OStM GL)"]
[Site "Bergisch Gladbach"]
[Date "2023.09.29"]
[Round "5.4"]
[White "Mohaupt, Sascha"]
[Black "Nichte, Philipp"]
[Result "1-0"]
[WhiteElo "2233"]
[BlackElo "1772"]
[PlyCount "45"]
[EventDate "2023.??.??"]
[EventType "swiss"]
[EventRounds "7"]
[SourceVersionDate "2023.09.02"]

1. d3 d5 2. e4 dxe4 3. dxe4 Qxd1+ 4. Kxd1 e5 5. Nf3 f6 6. Be3 Be6 7. Nbd2 Nd7
8. c3 Bc5 9. Bxc5 Nxc5 10. b4 Nd7 11. Bc4 Kf7 12. Bxe6+ Kxe6 13. Nb3 Ne7 14.
Kc2 Rac8 15. Rhb1 g5 16. Nfd2 h5 17. Nc4 Rcf8 18. Re1 Ng6 19. Rad1 Nh4 20. Ne3
Rc8 21. Rd2 c5 22. Red1 Rc7 23. Rxd7 1-0

[Event "Manfred-Bosbach-Turnier (43.OStM GL)"]
[Site "Bergisch Gladbach"]
[Date "2023.09.29"]
[Round "5.5"]
[White "Heckötter, Christian"]
[Black "Hertling, Jürgen"]
[Result "1-0"]
[WhiteElo "1967"]
[BlackElo "1684"]
[PlyCount "95"]
[EventDate "2023.??.??"]
[EventType "swiss"]
[EventRounds "7"]
[SourceVersionDate "2023.09.02"]

1. d4 Nf6 2. Bg5 d5 3. e3 Bf5 4. Bxf6 exf6 5. Nd2 c5 6. dxc5 Bxc5 7. Nb3 O-O 8.
Nxc5 Qa5+ 9. Qd2 Qxc5 10. c3 Nc6 11. Nf3 Rac8 12. Be2 Rfe8 13. O-O Ne5 14. Rfd1
Be6 15. Qd4 Nxf3+ 16. Bxf3 Qxd4 17. Rxd4 f5 18. Rad1 Kf8 19. g3 Rc7 20. Kf1 Ke7
21. Ke1 Rd8 22. Bxd5 Bxd5 23. Rxd5 Rxd5 24. Rxd5 g6 25. Kd2 a6 26. a4 Ke6 27.
Rd4 b5 28. axb5 axb5 29. Rb4 Rd7+ 30. Kc2 Rd5 31. Rh4 h5 32. Rd4 g5 33. Rxd5
Kxd5 34. Kd3 f6 35. b3 Ke5 36. f4+ gxf4 37. exf4+ Kd5 38. c4+ bxc4+ 39. bxc4+
Kc5 40. Kc3 Kc6 41. Kd4 Kd6 42. c5+ Kc6 43. Kc4 Kc7 44. Kd5 Kd7 45. c6+ Kc7 46.
Kc5 Kc8 47. Kd6 Kd8 48. h4 1-0